| 000 | 00930nam a2200265 a 4500 | ||
|---|---|---|---|
| 001 | BRL_252 | ||
| 005 | 20190320210644.0 | ||
| 008 | 080713s1992----au-o######---#000-0#ger-# | ||
| 020 | _a3900467307 | ||
| 041 | _ager | ||
| 044 | _aau | ||
| 050 | 4 |
_aPT3818 _b.Z45 1992 |
|
| 245 | 1 | 0 |
_aDie Zeit gibt die Bilder _bSchriftsteller, die Österreich zur Heimat hatten _cfotografiert von Alisa Douer ; herausgegeben von Ursula Seeber in Zusammenarbeit mit Evelyne Polt-Heinzl. |
| 260 |
_aViena, Austria _bZirkular _c1992 |
||
| 300 |
_a158 p. _bil. _c30 cm. _efolleto y hojas sueltas |
||
| 500 | _aAu290 | ||
| 650 | 1 | 4 |
_aAutores austriacos _vBiografías _ySiglo XX _923361 |
| 650 | 1 | 4 |
_aAutores austriacos _vBiografías _zViena, Austria _923362 |
| 651 | 4 |
_aAustria _vBiografías _923363 |
|
| 700 | 1 |
_aDouer, Alisa _eil. _923364 |
|
| 700 | 1 |
_aSeeber, Ursula _923365 |
|
| 700 | 1 |
_aPolt-Heinzl, Evelyne _923366 |
|
| 902 | _aGRL | ||
| 942 |
_2lcc _cB |
||
| 999 |
_c9065 _d9065 |
||